=LDR 00000nam 2200000 4500 =001 INLIS000000000016813 =005 20130612112043 =008 ***********************************Ind** =035 ##$$0010-061300000016813 =041 ##$$a Ind =082 ##$$a F Rom D =090 ##$$a F Rom D, Ven p =100 ##$$a Vence, W =245 ##$$a Pembunuhan misterius, W. Vance =260 ##$$a 1998 $b Jakarta =300 ##$$a 48 hlm, ilus, 29 cm =650 ##$$a Fiksi Dewasa Indonesia =850 ##$$a NBPNMAT =990 ##$$a 20852085 =990 ##$$a 1202202085